LEADER 02652nam a2200637 a 4500
001 nkc20142538881
003 CZ PrNK
005 20190613134115.0
007 ta
008 140109s2014 xr a e 000 1 cze
015 |a cnb002538881 
020 |a 978-80-7473-159-4  |q (brož.) 
035 |a (OCoLC)886601393 
040 |a ABA001  |b cze  |d OLA001 
041 1 |a cze  |h eng 
043 |a a-kn--- 
045 |a x9y0 
072 7 |a 316.7  |x Sociologie kultury. Kulturní život  |2 Konspekt  |9 1 
080 |a 316.728  |2 MRF 
080 |a 321.74  |2 MRF 
080 |a 321.64  |2 MRF 
080 |a 308  |2 MRF 
080 |a (519.3)  |2 MRF 
080 |a (0:82-96)  |2 MRF 
080 |a (0:82-32)  |2 MRF 
100 1 |a Demick, Barbara  |7 xx0184244  |4 aut 
245 1 0 |a Není co závidět :  |b obyčejné životy v Severní Koreji /  |c Barbara Demicková ; [z anglického originálu ... přeložila Eva Lee] 
246 3 0 |a Obyčejné životy v Severní Koreji 
260 |a Zlín :  |b Kniha Zlin,  |c 2014 
300 |a 353 s. :  |b il. ;  |c 19 cm 
490 1 |a Tema ;  |v sv. 18 
504 |a Obsahuje bibliografické odkazy 
648 7 |a 1991-2010  |7 ch460599  |2 czenas 
648 4 |a 1991-2009 
650 0 7 |a každodenní život  |7 ph121555  |z Korejská lidově demokratická republika  |y 1991-2010  |2 czenas 
650 0 7 |a komunistický režim  |7 ph114960  |z Korejská lidově demokratická republika  |y 1991-2010  |2 czenas 
650 0 7 |a totalitarismus  |7 ph116467  |z Korejská lidově demokratická republika  |y 1991-2010  |2 czenas 
650 0 9 |a everyday life  |z Korea (North)  |y 1991-2010  |2 eczenas 
650 0 9 |a communist regime  |z Korea (North)  |y 1991-2010  |2 eczenas 
650 0 9 |a totalitarianism  |z Korea (North)  |y 1991-2010  |2 eczenas 
651 7 |a Korejská lidově demokratická republika  |7 ge128576  |x sociální poměry  |y 1991-2010  |2 czenas 
651 9 |a Korea (North)  |x social conditions  |y 1991-2010  |2 eczenas 
655 7 |a literatura faktu  |7 fd132773  |2 czenas 
655 7 |a příběhy  |7 fd133204  |2 czenas 
655 9 |a non-fiction  |2 eczenas 
655 9 |a stories  |2 eczenas 
765 0 |t Nothing to envy  |9 Česky 
830 0 |a Tema (Kniha Zlin)  |0 s 
856 4 1 |u http://www.digitalniknihovna.cz/mzk/uuid/uuid:fd80a300-9d17-11f0-85ee-5ef3fc9bb22f  |y Digitalizovaný dokument  |x NDK 
910 2 |a BOA001  |b 1-1326.191 
990 |a BK 
995 |a 01 
991 |b 201406  |c NOV  |e n 
996 6 |b 2610595342  |c 1-1326.191  |l MZK  |r Sklad / do 1 hodiny  |n 5  |p p.v.  |w 001429128  |u 000010  |a 1  |e BOA001  |j MZK50  |s P 
996 7 |b 2610611473  |c 1-1326.191  |l MZK  |r Sklad / do 1 hodiny  |n 37  |p kup  |w 001429128  |u 000020  |a 1  |e BOA001  |j MZK50  |s A 
996 7 |b 2610786027  |c 1-1326.191  |l MZK  |r Sklad / do 1 hodiny  |n 5  |p kup  |w 001429128  |u 000030  |a 1  |e BOA001  |j MZK50  |s A